| 000 | 00894nam a2200229 i 4500 | ||
|---|---|---|---|
| 001 | bg | ||
| 245 | 0 | 0 |
_aPolska - dzieje narodu, państwa i kultury. _nT. 2, _pPolska w czasach nowożytnych : od środkowoeuropejskiej potęgi do utraty niepodległości (1501-1795) / _cJerzy Topolski ; pod red. Jerzego Topolskiego ; Uniwersytet im. Adama Mickiewicza w Poznaniu. |
| 260 |
_aPoznań : _bWydaw. Naukowe UAM, _c1994. |
||
| 300 |
_a943 s., [2] k.tabl. złoż : _bfaks., fot., mapy, portr., rys. ; _c25 cm. |
||
| 504 | _aBiblior. s. 879-899. - Indeksy. | ||
| 651 | 9 |
_aPolska _xhistoria _y16-18 w. |
|
| 700 | 1 |
_aTOPOLSKI, Jerzy. _eRed. |
|
| 020 | _a8323205361 (t.15) | ||
| 020 | _a832320537X (t. 2) | ||
| 040 | _cBPK | ||
| 041 | 0 | _apl | |
| 080 | _a943.8.03/.06 | ||
| 920 | _a83-232-0536-1 (t.1-5) | ||
| 920 | _a83-232-0537-X (t. 2) | ||
| 942 | _cKS | ||
| 008 | s pl f |000 0 pol | ||
| 999 |
_c32282 _d32282 |
||
| 856 |
_uhttp://koha.tu.koszalin.pl/cgi-bin/koha/opac-detail.pl?biblionumber=32282 _yKatalog online BPK |
||